<?xml version="1.0" encoding="UTF-8"?>
<record
    xmlns:xsi="http://www.w3.org/2001/XMLSchema-instance"
    xsi:schemaLocation="http://www.loc.gov/MARC21/slim http://www.loc.gov/standards/marcxml/schema/MARC21slim.xsd"
    xmlns="http://www.loc.gov/MARC21/slim">

  <leader>02477nam a2200433 i 4500</leader>
  <controlfield tag="003">KOSZ 005</controlfield>
  <controlfield tag="005">20220121132309.0</controlfield>
  <controlfield tag="008">140527s2006    pl a   f m   |000 0 pol d</controlfield>
  <datafield tag="035" ind1=" " ind2=" ">
    <subfield code="a">2386</subfield>
  </datafield>
  <datafield tag="040" ind1=" " ind2=" ">
    <subfield code="c">KOSZ 005</subfield>
    <subfield code="a">KOSZ 005</subfield>
    <subfield code="d">KOSZ 005/EG</subfield>
  </datafield>
  <datafield tag="041" ind1=" " ind2=" ">
    <subfield code="a">pol</subfield>
  </datafield>
  <datafield tag="046" ind1=" " ind2=" ">
    <subfield code="a">2006</subfield>
  </datafield>
  <datafield tag="080" ind1=" " ind2=" ">
    <subfield code="a">621.9</subfield>
  </datafield>
  <datafield tag="084" ind1=" " ind2=" ">
    <subfield code="a">371731</subfield>
  </datafield>
  <datafield tag="100" ind1="1" ind2=" ">
    <subfield code="a">Nadolny, Krzysztof.</subfield>
    <subfield code="e">Autor</subfield>
  </datafield>
  <datafield tag="245" ind1="1" ind2="0">
    <subfield code="a">Badania efektywno&#x15B;ci procesu jednoprzej&#x15B;ciowego szlifowania otwor&#xF3;w &#x15B;ciernicami o strefowo zr&#xF3;&#x17C;nicowanej budowie :</subfield>
    <subfield code="b">rozprawa doktorska /</subfield>
    <subfield code="c">Krzysztof Nadolny ; Politechnika Koszali&#x144;ska. Wydzia&#x142; Mechaniczny. Katedra In&#x17C;ynierii Produkcji.</subfield>
  </datafield>
  <datafield tag="260" ind1=" " ind2=" ">
    <subfield code="a">Koszalin :</subfield>
    <subfield code="b">[s.n.],</subfield>
    <subfield code="c">2006.</subfield>
  </datafield>
  <datafield tag="300" ind1=" " ind2=" ">
    <subfield code="a">177 stron :</subfield>
    <subfield code="b">ilustracje ;</subfield>
    <subfield code="c">30 cm +</subfield>
    <subfield code="e">2 recenzje ; za&#x142;&#x105;cznik : 87 stron : mapy, rysunki, wykresy.</subfield>
  </datafield>
  <datafield tag="336" ind1=" " ind2=" ">
    <subfield code="2">rdacontent</subfield>
    <subfield code="a">Tekst</subfield>
    <subfield code="b">txt</subfield>
  </datafield>
  <datafield tag="337" ind1=" " ind2=" ">
    <subfield code="2">rdamedia</subfield>
    <subfield code="a">Bez urz&#x105;dzenia po&#x15B;rednicz&#x105;cego</subfield>
    <subfield code="b">n</subfield>
  </datafield>
  <datafield tag="338" ind1=" " ind2=" ">
    <subfield code="2">rdacarrier</subfield>
    <subfield code="a">Wolumin</subfield>
    <subfield code="b">nc</subfield>
  </datafield>
  <datafield tag="500" ind1=" " ind2=" ">
    <subfield code="a">Druk jednostronny.</subfield>
  </datafield>
  <datafield tag="502" ind1=" " ind2=" ">
    <subfield code="a">Rozprawa doktorska. Politechnika Koszali&#x144;ska. 2006.</subfield>
  </datafield>
  <datafield tag="506" ind1=" " ind2=" ">
    <subfield code="a">Dost&#x119;pne online na zasadzie licencji Creative Commons wersja BY-NS 4.0.</subfield>
  </datafield>
  <datafield tag="520" ind1=" " ind2=" ">
    <subfield code="a">Celem pracy jest opracowanie podstaw teoretycznych i do&#x15B;wiadczalnych jednoprzej&#x15B;ciowego procesu obwodowego szlifowania osiowego walcowych powierzchni wewn&#x119;trznych narz&#x119;dziami &#x15B;ciernymi wykonanymi z ziaren elektrokorundu szlachetnego i mikrokrystalicznego korundu spiekanego SG. &#x15A;ciernice te powinny charakteryzowa&#x107; si&#x119; strefowo zr&#xF3;&#x17C;nicowan&#x105; budow&#x105; i nakrojem sto&#x17C;kowym o odpowiednio dobranych parametrach geometrycznych, ukszta&#x142;towanym w cz&#x119;&#x15B;ci atakuj&#x105;cej CPS. Zastosowanie w jednoprzej&#x15B;ciowym szlifowaniu otwor&#xF3;w narz&#x119;dzi zbudowanych z tanich ziaren &#x15B;ciernych na bazie korundu ma na celu umo&#x17C;liwienie jak naj&#x142;atwiejszego wdro&#x17C;enia tego procesu w przemy&#x15B;le, na konwencjonalnych szlifierkach i przy standardowych parametrach obr&#xF3;bki.</subfield>
  </datafield>
  <datafield tag="653" ind1=" " ind2=" ">
    <subfield code="a">Szlifowanie otwor&#xF3;w</subfield>
  </datafield>
  <datafield tag="653" ind1=" " ind2=" ">
    <subfield code="a">&#x15A;ciernica</subfield>
  </datafield>
  <datafield tag="653" ind1=" " ind2=" ">
    <subfield code="a">Rodzaje ziaren</subfield>
  </datafield>
  <datafield tag="653" ind1=" " ind2=" ">
    <subfield code="a">Korund</subfield>
  </datafield>
  <datafield tag="653" ind1=" " ind2=" ">
    <subfield code="a">Obr&#xF3;bka &#x15B;cierna</subfield>
  </datafield>
  <datafield tag="658" ind1=" " ind2=" ">
    <subfield code="a">In&#x17C;ynieria i technika</subfield>
  </datafield>
  <datafield tag="655" ind1=" " ind2="4">
    <subfield code="a">Rozprawa doktorska</subfield>
  </datafield>
  <datafield tag="700" ind1="1" ind2=" ">
    <subfield code="a">Karpi&#x144;ski, Tadeusz.</subfield>
    <subfield code="e">Recenzja</subfield>
  </datafield>
  <datafield tag="700" ind1="1" ind2=" ">
    <subfield code="a">Go&#x142;&#x105;bczak, Andrzej.</subfield>
    <subfield code="e">Recenzja</subfield>
  </datafield>
  <datafield tag="710" ind1="2" ind2=" ">
    <subfield code="a">Wydzia&#x142; Mechaniczny (Politechnika Koszali&#x144;ska)</subfield>
  </datafield>
  <datafield tag="700" ind1="1" ind2=" ">
    <subfield code="a">Plichta, Jaros&#x142;aw</subfield>
    <subfield code="e">Promotor</subfield>
  </datafield>
  <datafield tag="942" ind1=" " ind2=" ">
    <subfield code="c">DOK</subfield>
    <subfield code="2">UKD</subfield>
  </datafield>
  <datafield tag="999" ind1=" " ind2=" ">
    <subfield code="c">2386</subfield>
    <subfield code="d">2386</subfield>
  </datafield>
  <datafield tag="952" ind1=" " ind2=" ">
    <subfield code="0">0</subfield>
    <subfield code="1">0</subfield>
    <subfield code="3">2 recenzje, za&#x142;&#x105;cznik</subfield>
    <subfield code="4">0</subfield>
    <subfield code="7">1</subfield>
    <subfield code="a">BPK</subfield>
    <subfield code="b">BPK</subfield>
    <subfield code="o">RD 098</subfield>
    <subfield code="p">09040014</subfield>
    <subfield code="y">DOK</subfield>
  </datafield>
</record>
